000 00406pab a2200133 454500
008 180718b xxu||||| |||| 00| 0 eng d
100 _aBasu Kaushik
245 _aStructural reform in India, 1991-93: experience and agenda
362 _a28(48), 27 Nov 93, p.2599-2605
650 _a Economicn Reform - India
650 _aEconomic Planning - India
773 _aEconomic and Political Weekly
909 _a25924
999 _c25924
_d25924